Sooriyanai kanda kozhikunchi = (Record no. 178481)

MARC details
000 -LEADER
fixed length control field 01212nam a22002897i 4500
005 - DATE AND TIME OF LATEST TRANSACTION
control field 20200805110039.0
008 - FIXED-LENGTH DATA ELEMENTS--GENERAL INFORMATION
fixed length control field 200805s2017 ii a|||b |||| 00| 1 tam d
020 ## - INTERNATIONAL STANDARD BOOK NUMBER
Terms of availability RM12.60
Qualifying information paperback
040 ## - CATALOGING SOURCE
Original cataloging agency PPAK
Language of cataloging eng
Transcribing agency PPAK
Description conventions rda
082 04 - DEWEY DECIMAL CLASSIFICATION NUMBER
Edition number 23
Classification number 894.8113
090 00 - LOCALLY ASSIGNED LC-TYPE CALL NUMBER (OCLC); LOCAL CALL NUMBER (RLIN)
Classification number (OCLC) (R) ; Classification number, CALL (RLIN) (NR) 894.8113
Feature heading AVE
Feature heading K
100 1# - MAIN ENTRY--PERSONAL NAME
Personal name Averenkov, Yuri,
Relator term author.
245 10 - TITLE STATEMENT
Linkage 880-01 $a
Title Sooriyanai kanda kozhikunchi =
Remainder of title Chicken who saw the sun /
Statement of responsibility, etc. Yuri Averenkov ; editor: Saravanan Parthasarathy
246 33 - VARYING FORM OF TITLE
Title proper/short title Cūryyan̲aik kaṇṭa kōl̲ikkuñcu
250 ## - EDITION STATEMENT
Edition statement 1st ed.
264 #1 - PRODUCTION, PUBLICATION, DISTRIBUTION, MANUFACTURE, AND COPYRIGHT NOTICE
Place of production, publication, distribution, manufacture Chennai, India :
Name of producer, publisher, distributor, manufacturer Books For Children,
Date of production, publication, distribution, manufacture, or copyright notice 2017
300 ## - PHYSICAL DESCRIPTION
Extent 24 pages :
Other physical details colour illustrations ;
Dimensions 18 x 19 cm
336 ## - CONTENT TYPE
Source rdacontent
Content type term text
337 ## - MEDIA TYPE
Source rdamedia
Media type term unmediated
338 ## - CARRIER TYPE
Source rdacarrier
Carrier type term volume
521 ## - TARGET AUDIENCE NOTE
Target audience note "For the word of a mother deer unruly young deer, the tragedy illustrates the comics." - Backcover.<br/>The little deer in this story realizes what happens when the mother taps the word .
650 10 - SUBJECT ADDED ENTRY--TOPICAL TERM
Topical term or geographic name entry element Children's stories, Tamil
Topical term or geographic name entry element Tamil fiction
700 1# - ADDED ENTRY--PERSONAL NAME
Personal name Parthasarathy, Saravanan,
Relator term editor.
880 10 - ALTERNATE GRAPHIC REPRESENTATION
Linkage 245-01/$1
a சூரியனைக் கண்ட கோழிக்குஞ்சு
942 ## - ADDED ENTRY ELEMENTS (KOHA)
Source of classification or shelving scheme Dewey Decimal Classification
Koha item type Book
Holdings
Withdrawn Not for loan Current library Shelving location Date acquired Full call number Barcode Date last seen Koha item type Total Checkouts Date last checked out
    Perpustakaan Alor Setar Pinjaman Kanak-kanak 01/09/2020 K 894.8113 AVE A01645709 01/09/2020 Book    
    Perpustakaan Kulim Pinjaman Kanak-kanak 01/09/2020 K 894.8113 AVE A01645710 07/01/2025 Book 2 11/11/2024